000 00458nam a2200181Ia 4500
999 _c2903
_d2903
008 190719s9999||||xx |||||||||||||| ||und||
020 _a9789339221126
020 _c685
082 _a621.815 BHA
100 _aBhandari V.B.
245 0 _aDesign of machine elements /
_cby V.B. Bhandari.
250 _a4th ed.
260 _aChennai:
_bMcGraw Hill Education,
_c2017.
300 _axxiii, 916p.
300 _bpbk
650 0 _aMachine Drawing
942 _cBK